[Event "Yangon op"]
[Site "Yangon"]
[Date "2015.11.24"]
[Round "4"]
[White "Nay, Win Aung"]
[Black "Wynn, Zaw Htung"]
[Result "1/2-1/2"]
[WhiteElo "2057"]
[BlackElo "2414"]
[PlyCount "102"]
[EventDate "2015.11.23"]
[EventType "swiss"]
[EventRounds "9"]
[EventCountry "MYA"]
[SourceTitle "CBM 169 Extra"]
[Source "ChessBase"]
[SourceDate "2015.12.18"]
[SourceVersion "1"]
[SourceVersionDate "2015.12.18"]
[SourceQuality "1"]

1. e4 c5 2. f4 d5 3. exd5 Nf6 4. Bb5+ Bd7 5. Bxd7+ Qxd7 6. c4 e6 7. dxe6 fxe6 8. Nf3 Nc6 9. Ne5 Qc7 10. Nxc6 Qxc6 11. 0-0 0-0-0 12. Nc3 Bd6 13. Qf3 Qd7 14. d3 Bb8 15. Rd1 e5 16. f5 Rdf8 17. Ne4 b6 18. a3 Ng8 19. Rf1 Ne7 20. f6 gxf6 21. Bh6 f5 22. Bxf8 Rxf8 23. Nc3 Nc6 24. Qd5 Nd4 25. Qxd7+ Kxd7 26. Rae1 f4 27. Ne4 Rf7 28. Ng5 Rg7 29. Nf3 Nc6 30. Re4 Ke6 31. Rfe1 Kf5 32. Kf2 Rd7 33. Rd1 Nd8 34. g3 Ne6 35. g4+ Kf6 36. h4 Bc7 37. Ke2 Rg7 38. Rg1 Bd6 39. a4 a5 40. Kd2 Nd4 41. Nxd4 cxd4 42. Ke2 Rg8 43. Kf3 Ke6 44. Ree1 h6 45. g5 h5 46. Ke4 Rg6 47. Re2 Bb4 48. Rf1 Rg8 49. Rg2 Rg6 50. Rd1 Bc5 51. Rf1 Bb4 1/2-1/2

[Event "Yangon op"]
[Site "Yangon"]
[Date "2015.11.23"]
[Round "1"]
[White "Nay, Win Aung"]
[Black "Schebler, Gerhard"]
[Result "1-0"]
[WhiteElo "2057"]
[BlackElo "2452"]
[PlyCount "66"]
[EventDate "2015.11.23"]
[EventType "swiss"]
[EventRounds "9"]
[EventCountry "MYA"]
[SourceTitle "CBM 169 Extra"]
[Source "ChessBase"]
[SourceDate "2015.12.18"]
[SourceVersion "1"]
[SourceVersionDate "2015.12.18"]
[SourceQuality "1"]

1. e4 c5 2. f4 d5 3. exd5 Nf6 4. Bb5+ Nbd7 5. c4 a6 6. Bxd7+ Bxd7 7. Nf3 e6 8. Nc3 exd5 9. cxd5 Be7 10. Ne5 0-0 11. 0-0 Re8 12. d4 Bb5 13. Re1 Nxd5 14. Nxb5 axb5 15. dxc5 Bxc5+ 16. Kh1 Ra4 17. Bd2 Bf2 18. Nxf7 Kxf7 19. Rxe8 Kxe8 20. Qe2+ Kf7 21. Qxf2 Nf6 22. Bc3 Ne4 23. Qf3 Nxc3 24. Qxc3 Qd5 25. Qc7+ Kg6 26. h3 Rc4 27. Qb6+ Qc6 28. Qe3 Qe4 29. Qg3+ Kf7 30. Rf1 Rc2 31. Re1 Qd5 32. Re5 Qd2 33. Qg5 Rc7 1-0